000 00471nam a2200169Ia 4500
005 20250508154010.0
008 008 250505s9999 xx 000 0 eng d
037 _aTextual
040 _aFEDL
_beng
_cFEDL
041 _aeng
_2eng
084 _a378.73, ROG
_qFEDL
100 _aRogers Francis M
_9764827
245 0 _aHigher education in the united states : A summary view
300 _a78p.
942 _cTEXL
_h378.73, ROG
999 _c1346917
_d1346917